Compassion in architecture: evidence-based design for health in Louisiana

Guardat en:
Dades bibliogràfiques
Autor principal: Verderber, Stephen (Autor)
Format: Llibre
Idioma:anglès
Publicat: Center for Louisiana Studies 2005
Matèries:
Etiquetes: Afegir etiqueta
Sense etiquetes, Sigues el primer a etiquetar aquest registre!

MARC

LEADER 00000nam a2200000 a 4500
001 UCG4863
003 CL-VaPUC
008 101209e20050000us |||||||||||||||||eng|d
020 |a 1887366636 
082 0 4 |a 725.51  |b VER  |2 21 
100 0 |a Verderber, Stephen  |e author  |9 554335 
245 1 0 |a Compassion in architecture: evidence-based design for health in Louisiana 
300 |a 338 p 
942 |c BK 
945 |d 20101209 00:00:00  |a dcastane 
260 |b Center for Louisiana Studies  |c 2005 
650 0 |a Instalaciones sanitarias  |9 258060 
650 0 |a Diseño y construcción  |9 260862 
650 0 |a Arquitectura y construcción  |9 554336 
650 7 |a INSTITUCIONES DE SALUD  |2 CL-VaPUC  |9 554337 
650 0 |a Centros de salud  |9 546654 
650 0 |a Aspectos sanitarios   |9 519834 
650 7 |a CENTROS MEDICOS  |2 CL-VaPUC  |9 369458 
650 0 |a Diseño arquitectónico   |9 265271 
651 7 |a LOUISIANA  |2 CL-VaPUC  |9 398510 
651 0 |a Estados Unidos  |9 255178 
583 |a last modification  |c 20130809 12:56:30  |k Rodrigo Vera 
999 |c 343469  |d 343467 
952 |0 0  |1 0  |4 0  |6 725_510000000000000_VER_2005  |7 0  |8 A  |9 440788  |a BIBARQ  |b BIBARQ  |d 2019-11-22  |i 4741323  |o 725.51 VER 2005  |p 4741323  |r 2025-01-20  |w 2019-11-22  |y BK  |k ARQ